01918nam a2200373 i 4500001001000000003000900010005001700019007000300036008004100039040003000080049000900110082002200119100003200141245004300173264004800216300006000264336002700324337003300351338002800384500006700412504003300479590002600512650003000538651006300568651007600631910003700707942001400744952014600758952013400904952014001038952014601178952020301324999001701527000025690DO-SdBNP20250606121936.0ta110221s1997 dr abc 001 0 spa d aDO-SdBNPbspacBNPHUespa aBNPD 4a972.93bP426e2221 aPeralta, Luz,952462eautor10aEste es nuestro país /cLuz Peralta. 2aSanto Domingo :bLotería Nacional,c1997. a222 páginas :bilustraciones, mapas, tablas ;c22 cm. atextobtxt2rdacontent asin mediaciónbn2rdamedia avolumenbnc2rdacarrier aIncluye datos biográficos de la autora en la contracubierta. aBibliografía : p. 219-222. aInventariado, 2024/BT 0aIdentidad nacional 92163 4aRepública DominicanaxCaracterísticas nacionales91720 4aRepública DominicanaxDivisiones administrativas y políticas917205 aValidado. Control de calidad EMS 2ddccLBS1 00102ddc56708DSaBNPHUbBNPHUcHDd2013-10-22l0oBNPHU DS 972.93 P426ep25690-30r2020-06-25te. 3w2020-06-25yLBS1ZPréstamo en sala 00102ddc51708PDaBNPHUbBNPHUcHDd2011-02-21l0oBNPHU PD 972.93 P426ep25690-10r2020-06-25w2020-06-25yLBS1ZNo se presta 00102ddc51708PDaBNPHUbBNPHUcHDd2011-03-15l0oBNPHU PD 972.93 P426ep25690-20r2020-06-25te. 2w2020-06-25yLBS1ZNo se presta 00102ddc56708DSaBNPHUbBNPHUcHDd2015-05-06l0oBNPHU DS 972.93 P426ep25690-40r2020-06-25te. 4w2020-06-25yLBS1ZPréstamo en sala 00102ddc56708DSaBNPHUbBNPHUcHDd2024-05-10eDonaciónl0oBNPHU DS 972.93 P426ep2024-2876r2024-05-10te.5w2024-05-10yLBS1zPerteneció a la biblioteca personal de Emilio Cordero Michel. c25182d25182